00350nam a2200121Ia 4500008004100000050001500041245002200056245002400078245007200102260002900174260000900203300001600212160319s9999 xx 000 0 und d bR627n 2006 aNoli Me Tangere : bsa bagong pananaw / cCorazon G. Magbaleta, Fernandez, Benjamina A., Linao, Maria Teresa. bMega- Jesta Prints, Inc. c2006 a419 pages :